| 000 | 00563nam a2200193 a 4500 | ||
|---|---|---|---|
| 005 | 20210223124156.0 | ||
| 008 | 010611s1995 mx r 000 0 spa d | ||
| 020 | _a9688872806 | ||
| 035 | _aUPN01000108040 | ||
| 049 | _aCG | ||
| 050 | 4 |
_aNC1000 _bC6.58 1995 |
|
| 245 | 0 | 0 |
_aCómo combinar y elegir colores para el diseño gráfico / _ctr. Gemma Salva. |
| 250 | _a5a ed. | ||
| 260 |
_aMéxico : _bG. Gili, _c1995. |
||
| 300 | _a[150] p. (dividido por 4 paletas de colores) | ||
| 650 | 4 |
_aDISEÑO DECORATIVO _914315 |
|
| 650 | 4 |
_aCOLORES _96786 |
|
| 905 | _aLibro | ||
| 999 |
_c81952 _d81952 |
||